000 00422nam a2200169Ia 4500
001 17125
003 IN-NITTTR
005 20251114233202.0
008 251113s9999||||xx |||||||||||||| ||eng||
040 _beng
040 _cIN-NITTTR
041 _aeng
082 _a624.103 B243D
100 _aBarker, John A.
245 0 _aDictionary of soil mechanics and foundation engineering. /
_cBarker, John A.
942 _2ddc
_cBK
999 _c19759
_d19759